|
|
|
|
| LEADER |
01326njm a2200409 a 4500 |
| 001 |
000408947 |
| 003 |
CZ BrMZK |
| 005 |
19950101143423.0 |
| 008 |
950101s1994 xr f cze d |
| 028 |
0 |
3 |
|a 660287-4 331
|b Monitor EMI
|
| 040 |
|
|
|a BOA001
|b cze
|
| 080 |
|
|
|a 784.4"199"(086.7)
|2 MRF
|
| 100 |
1 |
|
|a Feriová, Jana,
|d 1963-
|7 xx0075876
|4 prf
|
| 245 |
1 |
0 |
|a Mastroianni
|h [zvukový záznam] /
|c Karya.
|
| 246 |
3 |
3 |
|a Tahle noc zůstane tvá
|
| 246 |
3 |
3 |
|a Tak mě přemlouvej
|
| 246 |
3 |
3 |
|a Tebou jsem souzená
|
| 246 |
3 |
3 |
|a Žalmy
|
| 246 |
3 |
3 |
|a Bílá noc
|
| 246 |
3 |
3 |
|a Cesta do snů
|
| 246 |
3 |
3 |
|a Chvíli byl tvůj
|
| 246 |
3 |
3 |
|a Couvám
|
| 246 |
3 |
3 |
|a Mastroianni
|
| 246 |
3 |
3 |
|a Nevyhrávej
|
| 246 |
3 |
3 |
|a Pojď z mý skrýše krást
|
| 246 |
3 |
3 |
|a Přítel můj ze země ticha
|
| 260 |
|
|
|a Praha :
|b Monitor-EMI,
|c p1994
|
| 300 |
|
|
|a 1 MC :
|b Dolby system +
|e 1 složený list.
|
| 306 |
|
|
|a 004900
|
| 500 |
|
|
|a Nahr. 1994
|
| 500 |
|
|
|a Durata 49:00
|
| 505 |
2 |
|
|a Tak mě přemlouval, Mastroianni, Přítel můj ze země ticha ... [et al.]
|
| 653 |
0 |
|
|a disco
|a populární hudba
|a populární písně
|
| 910 |
|
|
|a BOA001
|b KZ-0003.610
|
| 964 |
|
|
|a Hudba populární
|z stol.20.,léta 90.
|x MC
|
| 990 |
|
|
|a AV
|
| 996 |
6 |
|
|b 261H003646
|c KZ-0003.610
|l MZK
|r Sklad / do 24 hodin
|n 0
|w 000408947
|u 000010
|a 1
|e BOA001
|j MZK50
|s P
|